000 00647nam a2200169 4500
005 20260417210950.0
008 -
020 _aISBN 978-1-881723-35-6
040 _aBiblioteca LadoV Teorética
_cBiblioteca LadoV Teorética
_erda
082 0 4 _a709.097.29
_bM986t
100 1 _aMuseo de Arte Contemporáneo de Puerto Rico
245 1 3 _aEn tierra estéril convertida :
_bTurned into sterile land /
_cpor Museo de Arte Contemporáneo de Puerto Rico
260 1 _aPuerto Rico :
_bMuseo de Arte Contemporáneo de Puerto Rico,
_c2022
300 _a228 páginas :
_bfotografías a color ;
_c24.5 x 17.5 cm.
650 4 _aARTES VISUALES
942 _2ddc
_c1
_n0
999 _c4643
_d4643